000 00441nam a2200181Ia 4500
001 14108
005 20260306164850.0
008 260306t2012||||xx |||||||||||||| ||spa||
041 _aESP
082 _a006.6
_bM585
100 _aMullen, Tony
_eAUT
245 0 _aRealidad aumentada:
_bcrea tus propias aplicaciones
260 _c2012
300 _a319 páginas :
_c22 cm.
650 _aGEN
654 _aCCC
942 _cLIB
_dJUS
_fJUS
_2ddc
_n
999 _c14108
_d14108